Villes de France en E/F - Statistiques

Statistiques générales
  • Ce quiz a été pris 104 fois
  • Le résultat moyen est 8 sur 15
Statistiques - réponses
Indices Initiales Villes % Correct
Quelle ville est la préfecture de la Martinique F Fort-de-France
87%
Quelle ville est la préfecture de l'Essonne ? E Evry
80%
Quelle ville vosgienne est connue pour la photographie ? E Epinal
79%
Quelle ville normande est connue pour ses falaises de craie ? E Etretat
78%
Quelle ville est la préfecture de l'Ariège ? F Foix
77%
Quelle ville littorale varoise, forme une agglomération avec Saint-Raphaël ? F Fréjus
72%
Quelle ville corse abrite le stade du Sporting Club de Bastia ? F Furiani
59%
Quelle ville de la banlieue grenobloise est citée par Calogéro dans "Un jour au mauvais endroit ? E Echirolles
53%
Quelle ville royale de Seine-et-Marne abrite le Musée Napoléon 1er ? F Fontainebleau
52%
Quelle ville est une des sous-préfectures de la Marne ? E Epernay
49%
Quelle est la plus petite ville a posséder une université, dans le Lot ? F Figeac
26%
Quelle ville des Alpes-de-Haute-Provence est connue pour avoir eu Christophe Castaner comme maire ? F Forcalquier
24%
Quelle est la quatrième ville par la population de la Loire ? F Firminy
17%
Quelle ville vendéenne abrite le célèbre Puy-du-Fou ? E (Les) Epesses
15%
Quelle ville de Haute-Loire a affronté le PSG en Coupe de France en 2024 ? E Espaly-Saint-Marcel
10%
Aucun quiz correspondant
Distribution des résultats
% des personnes avec chaque résultat
Percentile par nombre de réponses
Votre historique - résultats
Vous n’avez pas pris ce quiz